000 00531cam a2200217ua 4500
001 9235
005 20260515114438.0
008 150224n ii |||gr||||Z||||||asm
020 _a8187611898
040 _cMAIN
041 _aasm
082 _a050.954162
100 _aMisra, D.,
_eEditor.
245 1 _aAsom yearbook :
_b2012 /
_cEdited by Dulal Misra .
250 _a11th.
260 _aGuwahati:
_bSaraighat,
_c2012.
300 _a888p.
653 _aGeneral serial publications
653 _aAsom yearbook
942 _cBK
999 _c8297
_d8297